Catálogo público

Field crop diseases handbook / (Record no. 206498)

MARC details
000 -CABECERA
campo de control de longitud fija 00734nam a2200277Ia 4500
001 - NÚMERO DE CONTROL
campo de control Para_7584
003 - IDENTIFICADOR DEL NÚMERO DE CONTROL
campo de control CHAP
008 - DATOS DE LONGITUD FIJA--INFORMACIÓN GENERAL
campo de control de longitud fija 220125s1981 xx 000 0 und d
010 ## - NÚMERO DE CONTROL DE LA BIBLIOTECA DEL CONGRESO
Número de control de LC 206498
040 ## - FUENTE DE LA CATALOGACIÓN
Centro/agencia transcriptor CHAP
082 ## - NÚMERO DE LA CLASIFICACIÓN DECIMAL DEWEY
Número de clasificación PA 632 N9
100 ## - ENTRADA PRINCIPAL--NOMBRE DE PERSONA
Nombre de persona Nyvall, Robert F.
9 (RLIN) 82311
245 ## - MENCIÓN DE TÍTULO
Título Field crop diseases handbook /
Mención de responsabilidad, etc. by Robert F. Nyvall
260 ## - PUBLICACIÓN, DISTRIBUCIÓN, ETC.
Lugar de publicación, distribución, etc. Westport :
Nombre del editor, distribuidor, etc. The AVI Publishing
300 ## - DESCRIPCIÓN FÍSICA
Extensión 436 p.
650 ## - PUNTO DE ACCESO ADICIONAL DE MATERIA--TÉRMINO DE MATERIA
Término de materia o nombre geográfico como elemento de entrada Cultivos
Subdivisión general Enfermedades
9 (RLIN) 30262
650 ## - PUNTO DE ACCESO ADICIONAL DE MATERIA--TÉRMINO DE MATERIA
Término de materia o nombre geográfico como elemento de entrada Cultivos
Subdivisión general plagas
9 (RLIN) 30305
650 ## - PUNTO DE ACCESO ADICIONAL DE MATERIA--TÉRMINO DE MATERIA
Término de materia o nombre geográfico como elemento de entrada Fitopatología
9 (RLIN) 41161
901 ## - ELEMENTOS DE DATOS A LOCAL LDA (RLIN)
a PA 632 N9
902 ## - ELEMENTOS DE DATOS B LOCAL, LDB (RLIN)
a A
905 ## - ELEMENTOS DE DATOS E LOCAL, LDE (RLIN)
a 0000001981 a 0000000000 00
910 ## - DATOS DE OPCIÓN DEL USUARIO (OCLC)
Datos de opción del usuario 1981
942 ## - ELEMENTOS DE PUNTO DE ACCESO ADICIONAL (KOHA)
Tipo de ítem Koha Parasitologia_
942 ## - ELEMENTOS DE PUNTO DE ACCESO ADICIONAL (KOHA)
Tipo de ítem Koha Parasitologia_
-- 1
Holdings
Estado de retiro Estado de pérdida Fuente del sistema de clasificación o colocación Estado dañado Restricciones de uso No para préstamo Código de colección Localización permanente Ubicación/localización actual Fecha de adquisición Número de inventario Total de préstamos Signatura topográfica completa Código de barras Fecha visto por última vez Número de copia Precio válido a partir de Tipo de ítem Koha Nota pública
    Dewey Decimal Classification   Préstamo 3 días   General Parasitologia Agricola Parasitologia Agricola 27/10/2005 (PA_5381) (No. UACh 129780)   PA 632 N9 4102001834 25/01/2022 Ej.2 25/01/2022 Libro 3
    Dewey Decimal Classification   Préstamo interno2   General Parasitologia Agricola Parasitologia Agricola 27/10/2005 (PA_5380) (No. UACh C/E)   PA 632 N9 4102001833 25/01/2022 Ej.1 25/01/2022 Libro 3